• 首页
  • 本馆介绍
  • 公告通知
  • 最新文献
  • 馆藏检索
  • 电子资源
  • 读者导购
  • 参考咨询
  • 我的图书馆
  • 登录
  • 详细信息显示
  • 放入我的书架
  • 预约/预借图书
  • 作者相关作品
  • 分类相关作品
  • 丛书相关作品
  • 出版社相关作品

书目信息

  • 表格格式
  • 工作单格式
  • 卡片格式
题名:
变革与创生
    
 
作者: 谢先刚 著
分册:  
出版信息: 上海   上海三联书店  2020.8
页数: 439页
开本: 24cm
丛书名:
单 册:
中图分类: G63
科图分类:
主题词: 初中--中学教育--研究
电子资源:
ISBN: 978-7-5426-7059-5
000 01137nam0 2200265 45
001 012001002015
005 20140821160000.0
010    @a978-7-5426-7059-5@dCNY88.00
100    @a20210130d2020 em y0chiy0110 ea
101 0  @achi
102    @aCN@b310000
105    @aa z 000yy
106    @ar
200 1  @a变革与创生@Abian ge yu chuang sheng@e城市初中“三雅”教育的实践探索@f谢先刚等著
210    @a上海@c上海三联书店@d2020.8
215    @a439页@c图@d24cm
300    @a本书系广东省教育科研“十二五”规划2015年度课题“岭南文化背景下初中生‘三雅’教育育人模式的研究与实践”的研究成 佛山市禅城区“特支计划”工程成果
300    @a其他题名:城市初中“三雅”教育的实践探索
330    @a本书稿以当代学校教育和文化转型为大背景,从分析经济发达地区城市公办初中的生存状态和发展需要出发,以一所历史名校在新形势下的创生为案例,探索城市公办初中如何伴随着社会的转型,实现学校发展由被动式的“随波逐流”转向主动建构型的“自主经营”。
517 1  @a城市初中“三雅”教育的实践探索
606 0  @a初中@x中学教育@x研究
690    @aG63@v5
701  0 @a谢先刚@Axie xian gang@4著
801    @aCN@bAHXH@c20210922
905    @b1249988-92@dG63@e1099@f5
    
    变革与创生:城市初中“三雅”教育的实践探索/谢先刚等著.-上海:上海三联书店,2020.8
    439页:图;24cm
    本书系广东省教育科研“十二五”规划2015年度课题“岭南文化背景下初中生‘三雅’教育育人模式的研究与实践”的研究成 佛山市禅城区“特支计划”工程成果.-其他题名:城市初中“三雅”教育的实践探索
    
    ISBN 978-7-5426-7059-5:CNY88.00
    本书稿以当代学校教育和文化转型为大背景,从分析经济发达地区城市公办初中的生存状态和发展需要出发,以一所历史名校在新形势下的创生为案例,探索城市公办初中如何伴随着社会的转型,实现学校发展由被动式的“随波逐流”转向主动建构型的“自主经营”。
●
相关链接 在E读中查询图书 在五车中查询图书 在当当中查询图书 在豆瓣中查询图书


正题名:变革与创生     索取号:G63/1099         预约/预借

序号 登录号 条形码 馆藏地/架位号 状态 备注
1 1249988   212499884   第一样本阅览室/ [索取号:G63/1099] 在馆    
2 1249989   212499893   教育系资料室/ [索取号:G63/1099] 在馆    
3 1249990   212499900   教育系资料室/ [索取号:G63/1099] 在馆    
4 1249991   212499919   第四借阅区/ [索取号:G63/1099] 在馆    
5 1249992   212499928   第四借阅区/ [索取号:G63/1099] 在馆    
唐山师范学院图书馆 欢迎您!
大连网信软件有限公司© 版权所有